Dos años de música en Europa: Mozart-Bayreuth-Strawinsky

Uloženo v:
Podrobná bibliografie
Hlavní autor: Sopeña, Federico (Autor)
Médium: Kniha
Jazyk:španělština
Vydáno: Madrid Espasa-Calpe 1942
Témata:
Tagy: Přidat tag
Žádné tagy, Buďte první, kdo vytvoří štítek k tomuto záznamu!

MARC

LEADER 00000nam a2200000 a 4500
001 UCN2961
003 CL-VaPUC
005 20240628104440.0
008 010615e19420000SP |||||||||||||||||spa|d
999 |c 295976  |d 295974 
040 |c Pontificia Universidad Católica de Valparaíso 
082 0 4 |a 780.94  |b SOP  |2 21 
100 0 |a Sopeña, Federico  |e author  |9 459297 
245 1 0 |a Dos años de música en Europa: Mozart-Bayreuth-Strawinsky 
260 |a Madrid  |b Espasa-Calpe  |c 1942 
300 |a 140 p 
583 |a last modification  |c 20010615 00:00:00  |k Rodrigo Vera 
600 0 |a Mozart, Wolfgang Amadeus  |d 1756-1791  |9 869087 
600 0 |a Wagner, Wilhelm Richard  |9 265759 
600 0 |a Stravinsky, Igor Federovich  |d 1882-1971  |9 306253 
650 0 |a Música europea  |9 456534 
650 0 |a Compositores europeos  |9 458280 
650 0 |a Festivales musicales  |2 CL-VaPUC  |9 306376 
942 |c BK  |2 ddc 
945 |d 20010615 00:00:00  |a crobeson 
952 |0 0  |1 0  |4 0  |6 780_940000000000000_SOP_1942  |7 0  |8 A  |9 349438  |a BIBEDU  |b BIBEDU  |d 2019-11-20  |i 1186728  |o 780.94 SOP 1942  |p 1186728  |r 2023-01-12  |w 2019-11-20  |y BK  |k MUS